Estadísticas para 15 principales países afectados por Covid19 - 1 de septiembre 2021

Haz click aquí para intentar la prueba.

Estadísticas generales

  • Esta prueba ha sido intentada 7 veces
  • La puntuación promedio es 17 de 26

Estadísticas de respuestas

país% Correcto
Argentina
100%
Brasil
100%
España
100%
Estados Unidos
100%
Italia
100%
Reino Unido
100%
Rusia
100%
Alemania
86%
Colombia
86%
Francia
86%
India
86%
México
86%
Indonesia
57%
Irán
57%
Panamá
57%
Turquía
57%
Israel
43%
Suecia
43%
Uruguay
43%
Baréin
29%
Chequia
29%
Eslovenia
29%
Estonia
29%
Lituania
29%
Países Bajos
29%
Georgia
14%

Distribución de puntuación

Porcentaje por número respondido

Porcentaje de gente con cada puntuación

Historial de tus puntuaciones

No has intentado esta prueba.